000
nam a22 7a 4500
999
_c
40518
_d
40518
003
OSt
005
20170918163057.0
008
170918b xxu||||| |||| 00| 0 eng d
040
_c
sero soft
100
_a
PATEL,RAJNIKANT P
245
_a
SUPERVISION IN PHYSICAL EDUCATION
260
_a
DELHI
_b
KSK
_c
2016
300
_a
251
942
_2
ddc
_c
01